000 00704cam a2200241 4500
001 BD-DhSAU 1404
003 BD-DhSAU
005 20150115104032.0
008 710520s1970 caua rb 001 0 eng
020 _a0716706881
040 _aBD-DhSAU
082 0 0 _a595.7
_222
_bOLI
100 1 _aWigglesworth, Vincent B.
_q(Vincent Brian),
_cSir,
_d1899-
245 1 0 _aInsect hormones /
_cV. B. Wigglesworth.
260 _aSan Francisco :
_bW. H. Freeman ;
_cc1970.
300 _aix, 159 p. :
_bill. ;
_c23 cm.
440 _aUniversity reviews in biology
504 _aIncludes bibliographical references.
590 _ajoy
650 0 _aInsects
_xPhysiology.
650 0 _aEntomology.
650 0 _aHormones.
942 _2ddc
_cBOOK
999 _c1404
_d1404